000 00482nam a22001817a 4500
999 _c6983
_d6983
003 OSt
005 20210601152207.0
008 210601b ||||| |||| 00| 0 eng d
020 _a0749251557
040 _cDDC
082 _a571.6LIV 2000.
100 _aEdited by Rose,Steven;
_914338
245 _aLiving Processes;
_bBook 3 Biocommunication.
260 _aLondon,
_bThe Open University
_c2000.
300 _a248p;
_bill,
_c26cm.
650 _aBiology
_95602
942 _2ddc
_cN_PAPAER